000 00638 a2200205 4500
001 137783
020 _a9788583370109
040 _cLeonardo Da Vinci
041 _aPortuguês
082 _a510 L732c
_bL732c
100 _aLIMA, Elon Lages
_aCARVALHO, Paulo Cezar Pinto
_aGUIMARÃES FILHO, Florêncio Ferreira
245 _aCoordenadas no plano
_bcom as soluções dos exercícios
250 _a6. ed
260 _bSBM
_c2013
_aRio de Janeiro
300 _a379
362 _a20130000
490 _aColeção do Professor de Matemática, v. 5
697 _aGeometria analítica
_aVetores
_aTransformações geométricas
942 _cBK
999 _c137783
_d137783